000 00154nam a22000857a 4500
082 _a823
100 _aUNKNOWN
245 _aTHE HARE AND TORTOISE
942 _cBK
999 _c8176
_d8176